00310 a2200097 4500001001000000005001700010008004100027245004900068100002200117773007300139ART_1730220260410161923.0260409a 10aConstant-utility index numbers of real wages1 aPencavel, John H.0 tThe American Economic Reviewg- Vol. 69, NÂș 1 (mar. 1979)wREV16190